[Event "GER-ch Net blitz qual2"]
[Site "Playchess.com INT"]
[Date "2020.03.16"]
[Round "1"]
[White "Wildner, Mateo"]
[Black "Brunke, Pascal"]
[Result "0-1"]
[WhiteElo "1620"]
[BlackElo "1973"]
[PlyCount "56"]
[EventDate "2020.03.16"]
[EventType "swiss (blitz)"]
[EventRounds "9"]
[EventCountry "GER"]
[SourceTitle "CBM 195 Extra"]
[Source "ChessBase"]
[SourceDate "2020.05.31"]
[SourceVersion "1"]
[SourceVersionDate "2020.05.31"]
[SourceQuality "1"]

1. d4 f5 2. c4 Nf6 3. Nc3 g6 4. e3 Bg7 5. Bd2 0-0 6. Bd3 d6 7. Nf3 c6 8. 0-0 Qc7 9. Rc1 e5 10. Re1 e4 11. Nxe4 fxe4 12. Bxe4 Nxe4 13. Bb4 Bg4 14. d5 c5 15. Bc3 Nxc3 16. bxc3 Nd7 17. h3 Bxf3 18. gxf3 Ne5 19. Qe2 Nxf3+ 20. Kf1 Nxe1 21. Kxe1 Qa5 22. Qd3 Qxa2 23. Rc2 Qa1+ 24. Ke2 Qg1 25. f4 Rae8 26. e4 Rxf4 27. Rd2 Rf2+ 28. Ke3 Qg3# 0-1